[Event "IV Festival Internacional DUCHAMP in RIO"]
[Site "Hotel South American, Copacaba"]
[Date "2022.12.10"]
[Round "5.35"]
[White "Hubner, Jessica Trindade"]
[Black "Felizes, Paulo"]
[Result "1-0"]
[WhiteElo "1706"]
[BlackElo "1916"]
[PlyCount "55"]
[EventDate "2022.12.07"]

1. e4 e5 2. Nf3 Nc6 3. Bb5 f5 4. d3 fxe4 5. dxe4 Nf6 6. O-O d6 7. Nc3 Be7 8. h3
O-O 9. Bc4+ Kh8 10. Ng5 Qe8 11. Nb5 Bd8 12. f4 exf4 13. Bxf4 Ne5 14. Bxe5 dxe5
15. Nf7+ Rxf7 16. Bxf7 Qf8 17. Bb3 a6 18. Nc3 c6 19. Qf3 b5 20. Ne2 Bb6+ 21.
Kh2 Bd7 22. c3 Qe7 23. Ng3 Ng4+ 24. Kh1 g6 25. Ne2 Qh4 26. Rad1 Nf2+ 27. Rxf2
Bxh3 28. Qf6+ 1-0

[Event "IV Festival Internacional DUCHAMP in RIO"]
[Site "Hotel South American, Copacaba"]
[Date "2022.12.10"]
[Round "5.36"]
[White "Da Silva, Joao Carlos Orguim"]
[Black "Feller, Gabriela Luisa Vicen"]
[Result "1/2-1/2"]
[WhiteElo "1693"]
[BlackElo "1907"]
[PlyCount "69"]
[EventDate "2022.12.07"]

1. e4 c6 2. d4 d5 3. Nc3 dxe4 4. Nxe4 Nf6 5. Nxf6+ gxf6 6. Be3 Bf5 7. Nf3 e6 8.
Bd3 Bg6 9. Qd2 Bd6 10. O-O-O Nd7 11. c4 Qc7 12. Bxg6 hxg6 13. c5 Be7 14. Bf4 e5
15. dxe5 fxe5 16. Qxd7+ Qxd7 17. Rxd7 Kxd7 18. Nxe5+ Ke8 19. Re1 Rd8 20. Ng4
Kf8 21. Kc2 f6 22. h3 Rh5 23. b4 Rd4 24. Bd2 Rd7 25. Bc3 Kg7 26. Rxe7+ Rxe7 27.
Bxf6+ Kf7 28. Bxe7 Kxe7 29. f4 Rd5 30. a3 Rd4 31. g3 Rc4+ 32. Kd2 Rd4+ 33. Ke2
Rc4 34. Kd2 Rd4+ 35. Kc2 1/2-1/2

[Event "IV Festival Internacional DUCHAMP in RIO"]
[Site "Hotel South American, Copacaba"]
[Date "2022.12.10"]
[Round "5.37"]
[White "Da Silva, Camila Evaristo"]
[Black "De Souza Monteiro, Marcos Paulo"]
[Result "1/2-1/2"]
[WhiteElo "1684"]
[BlackElo "1885"]
[PlyCount "160"]
[EventDate "2022.12.07"]

1. d4 Nf6 2. Bf4 g6 3. Nf3 Bg7 4. e3 d6 5. Be2 O-O 6. h3 b6 7. O-O Bb7 8. c4
Nbd7 9. Nc3 Ne4 10. Nxe4 Bxe4 11. Rc1 e5 12. Bh2 Qe7 13. b4 a5 14. a3 axb4 15.
axb4 Ra2 16. Ra1 Rfa8 17. Rxa2 Rxa2 18. Re1 Rb2 19. Nd2 exd4 20. Nxe4 Qxe4 21.
Bf3 Qc2 22. Qxc2 Rxc2 23. Bd5 d3 24. Rd1 Bc3 25. Kf1 d2 26. Ke2 Bxb4 27. Bf4
Nc5 28. Bh6 Nb3 29. e4 Nc1+ 30. Kf3 Rc3+ 31. Kg4 Rd3 32. e5 Bc3 33. exd6 cxd6
34. Be3 Be5 35. Rxd2 Rxd2 36. Bxd2 Nb3 37. Be3 Nc5 38. Bg5 Kg7 39. Bd8 Nd7 40.
Kf3 Bd4 41. Ke2 Bc5 42. f3 Kf8 43. Kd2 Ke8 44. Bh4 h6 45. f4 f6 46. Kc2 g5 47.
fxg5 fxg5 48. Be1 Ke7 49. Bc3 Nf6 50. Bf3 Ke6 51. Kd3 d5 52. cxd5+ Nxd5 53. Bg7
Nf4+ 54. Ke4 h5 55. Be5 Ng6 56. Bc3 Nh4 57. Bxh5 Nxg2 58. Bd2 Be7 59. Kf3 Nh4+
60. Ke4 b5 61. Bg4+ Kf6 62. Kd3 Ke5 63. Kc2 Ng6 64. Kb3 b4 65. Bxb4 Bxb4 66.
Kxb4 Kf4 67. Bc8 Kg3 68. Kc3 Nf4 69. Kd2 Nxh3 70. Ke1 Nf4 71. Kf1 Nd5 72. Kg1
Kf4 73. Kf2 Ne3 74. Ke2 Nf5 75. Kf2 g4 76. Bxf5 Kxf5 77. Kg3 Kg5 78. Kg2 Kf4
79. Kf2 g3+ 80. Kg2 Kg4 1/2-1/2

[Event "IV Festival Internacional DUCHAMP in RIO"]
[Site "Hotel South American, Copacaba"]
[Date "2022.12.10"]
[Round "5.38"]
[White "Chaves, Jorge Antonio Torres"]
[Black "Pereira Fo, Hildebrando Apolonio"]
[Result "1-0"]
[WhiteElo "1855"]
[BlackElo "1530"]
[PlyCount "53"]
[EventDate "2022.12.07"]

1. e4 c5 2. d4 cxd4 3. c3 dxc3 4. Nxc3 Nc6 5. Bc4 Nf6 6. Nf3 d6 7. Bg5 e6 8.
Qe2 Be7 9. O-O O-O 10. Rfd1 Nd7 11. Bf4 e5 12. Be3 Nf6 13. h3 a6 14. Rac1 Be6
15. Nd5 Nd7 16. a3 Rc8 17. b4 b5 18. Ba2 Qe8 19. Rc2 Bxd5 20. Bxd5 Ndb8 21.
Rdc1 Qd7 22. Rc3 Nd4 23. Nxd4 Rxc3 24. Rxc3 exd4 25. Bxd4 Rc8 26. Qh5 Rf8 27.
Rg3 1-0

[Event "IV Festival Internacional DUCHAMP in RIO"]
[Site "Hotel South American, Copacaba"]
[Date "2022.12.10"]
[Round "5.40"]
[White "Borensztajn, David"]
[Black "Moccero, Eduardo"]
[Result "1/2-1/2"]
[WhiteElo "1555"]
[BlackElo "1870"]
[PlyCount "24"]
[EventDate "2022.12.07"]

1. d4 d5 2. Bf4 Nf6 3. e3 e6 4. Bd3 c5 5. c3 Bd6 6. Bg3 Nc6 7. Nf3 cxd4 8. exd4
O-O 9. Nbd2 Qc7 10. Bh4 Be7 11. Bg3 Bd6 12. Bh4 Ne7 1/2-1/2

[Event "IV Festival Internacional DUCHAMP in RIO"]
[Site "Hotel South American, Copacaba"]
[Date "2022.12.10"]
[Round "5.41"]
[White "Bokhonok, Tatiana Dos Santos S"]
[Black "Ribeiro, Regina"]
[Result "0-1"]
[WhiteElo "1482"]
[BlackElo "1852"]
[PlyCount "46"]
[EventDate "2022.12.07"]

1. d4 Nf6 2. c4 d6 3. Nc3 e5 4. d5 Be7 5. e4 O-O 6. f4 exf4 7. Bxf4 Bg4 8. Nf3
Nbd7 9. Be2 Nh5 10. Be3 g6 11. h3 Bxf3 12. Bxf3 Bh4+ 13. Kd2 Ng3 14. Rg1 Ne5
15. b3 f5 16. Bf4 Bg5 17. Bxg5 Qxg5+ 18. Kc2 fxe4 19. Nxe4 Nxe4 20. Bxe4 Rf2+
21. Kb1 Raf8 22. a3 Rd2 23. Qe1 Rff2 0-1

[Event "IV Festival Internacional DUCHAMP in RIO"]
[Site "Hotel South American, Copacaba"]
[Date "2022.12.10"]
[Round "5.42"]
[White "Campagnolo, Bruna"]
[Black "Brito, Vicente De Paulo Ale"]
[Result "0-1"]
[WhiteElo "1535"]
[BlackElo "1794"]
[PlyCount "68"]
[EventDate "2022.12.07"]

1. e4 e6 2. d4 d5 3. Nc3 Bb4 4. exd5 exd5 5. Bd2 Nf6 6. Bd3 O-O 7. Nge2 Bg4 8.
f3 Bh5 9. O-O c6 10. Nf4 Bg6 11. Bxg6 hxg6 12. Ncxd5 Nxd5 13. Nxd5 Bxd2 14.
Qxd2 Qxd5 15. c4 Qxc4 16. b3 Qd5 17. Rfe1 c5 18. Rad1 Nc6 19. dxc5 Qxc5+ 20.
Kh1 Rad8 21. Qe2 Rxd1 22. Rxd1 Qe5 23. Qc2 Re8 24. h3 Qe2 25. Rd2 Qe1+ 26. Kh2
Qe5+ 27. Kh1 Nd4 28. Qd1 Nf5 29. Rd8 Ng3+ 30. Kg1 Ne2+ 31. Kh1 Nf4 32. Rd6 Qe1+
33. Qxe1 Rxe1+ 34. Kh2 Ne2 0-1

[Event "IV Festival Internacional DUCHAMP in RIO"]
[Site "Hotel South American, Copacaba"]
[Date "2022.12.10"]
[Round "5.43"]
[White "Pessoa, Vitor Henrique Leopo"]
[Black "Lopes, Eduardo Moraes"]
[Result "1/2-1/2"]
[WhiteElo "1358"]
[BlackElo "1744"]
[PlyCount "45"]
[EventDate "2022.12.07"]

1. e4 e6 2. d3 d5 3. Qe2 Be7 4. Nf3 Nf6 5. g3 O-O 6. e5 Nfd7 7. Bg2 c5 8. c4
Nc6 9. O-O a6 10. Re1 b5 11. cxd5 exd5 12. e6 Nb6 13. exf7+ Rxf7 14. Be3 Bg4
15. h3 Bh5 16. g4 Bg6 17. d4 cxd4 18. Nxd4 Nxd4 19. Bxd4 Kh8 20. Nc3 Bh4 21.
Rad1 Re7 22. Bxb6 Qxb6 23. Nxd5 1/2-1/2

[Event "IV Festival Internacional DUCHAMP in RIO"]
[Site "Hotel South American, Copacaba"]
[Date "2022.12.10"]
[Round "5.44"]
[White "Zhong, Lanxin"]
[Black "Hirano, Enzo Erich Kreutz"]
[Result "0-1"]
[WhiteElo "1333"]
[BlackElo "1691"]
[PlyCount "80"]
[EventDate "2022.12.07"]

1. e4 c5 2. Nf3 d6 3. Bc4 Nc6 4. d4 cxd4 5. Nxd4 Nf6 6. Nc3 e5 7. Nde2 Be7 8.
O-O O-O 9. h3 Be6 10. Bd5 Rc8 11. a3 a6 12. Ba2 b5 13. Ng3 Qd7 14. Nd5 Bxd5 15.
exd5 Nd4 16. c3 Nf5 17. Nh5 g6 18. Nxf6+ Bxf6 19. Qg4 Qc7 20. Bd2 Bg7 21. Rac1
Ne7 22. Be3 f5 23. Qe2 Qd7 24. Bg5 h6 25. Bxe7 Qxe7 26. c4 bxc4 27. Rxc4 Rxc4
28. Qxc4 e4 29. b4 Qa7 30. Rd1 e3 31. fxe3 f4 32. Re1 fxe3 33. Qe4 e2+ 34. Kh2
Be5+ 35. g3 Qf2+ 36. Qg2 Bxg3+ 37. Kh1 Qxe1+ 38. Qg1 Qxg1+ 39. Kxg1 e1=Q+ 40.
Kg2 Qf2+ 0-1

[Event "IV Festival Internacional DUCHAMP in RIO"]
[Site "Hotel South American, Copacaba"]
[Date "2022.12.10"]
[Round "5.45"]
[White "Sandrim Juliao, Tais"]
[Black "Gomes, Genildo De Souza"]
[Result "1/2-1/2"]
[WhiteElo "1669"]
[BlackElo "1651"]
[PlyCount "72"]
[EventDate "2022.12.07"]

1. d4 c6 2. c4 d5 3. Nc3 e6 4. Nf3 Nf6 5. Qc2 Bb4 6. e3 Ne4 7. a3 Qa5 8. Bd2
Bxc3 9. Bxc3 Nxc3 10. bxc3 Nd7 11. Bd3 Nb6 12. c5 Nd7 13. O-O b6 14. cxb6 axb6
15. c4 Nf6 16. Ne5 Bd7 17. Rfc1 Qa4 18. Qb2 b5 19. cxb5 Rb8 20. b6 O-O 21. Rc3
Rb7 22. Bc2 Qa5 23. Nxd7 Nxd7 24. Rxc6 Rxb6 25. Qc3 Ra8 26. Rc8+ Nf8 27. Qc7
Rxc8 28. Qxc8 g6 29. g3 Rb2 30. Rf1 Qxa3 31. Bd1 Qd3 32. Ba4 Rb1 33. Rxb1 Qxb1+
34. Kg2 Qe4+ 35. Kg1 Qb1+ 36. Kg2 Qe4+ 1/2-1/2

[Event "IV Festival Internacional DUCHAMP in RIO"]
[Site "Hotel South American, Copacaba"]
[Date "2022.12.10"]
[Round "5.46"]
[White "Campagnolo, Fabiola"]
[Black "Gomes, Carlos"]
[Result "1-0"]
[WhiteElo "1663"]
[BlackElo "1566"]
[PlyCount "107"]
[EventDate "2022.12.07"]

1. d4 d5 2. e3 Bf5 3. c4 e6 4. Qb3 b6 5. Nc3 c6 6. Nf3 Nd7 7. Bd2 Bd6 8. Rc1 h6
9. cxd5 exd5 10. Nxd5 c5 11. Bc4 Ngf6 12. Nxf6+ Qxf6 13. Bc3 Qe7 14. O-O O-O
15. Rfe1 Be4 16. Bd5 Bxd5 17. Qxd5 Nf6 18. Qb3 Ne4 19. dxc5 Nxc5 20. Qc2 Qe4
21. Qxe4 Nxe4 22. Red1 Rac8 23. Bd4 Bc5 24. Bxc5 Nxc5 25. Kf1 Rfd8 26. Nd4 Rc7
27. b4 Ne6 28. Nxe6 Rxd1+ 29. Rxd1 fxe6 30. Ke2 Kf7 31. Kd3 Ke7 32. Rd2 Rd7+
33. Kc3 Rc7+ 34. Kb3 Kf6 35. Rd4 g5 36. f3 Kf5 37. Rd8 Kf6 38. a4 h5 39. Rg8 h4
40. g3 hxg3 41. hxg3 Rh7 42. f4 gxf4 43. exf4 Kf7 44. Rg5 Rh3 45. Kc3 Kf6 46.
Kc4 e5 47. Rxe5 Rxg3 48. Kb5 Rg7 49. a5 bxa5 50. bxa5 Rh7 51. a6 Rh1 52. Kc6
Rb1 53. Rb5 Ra1 54. Kb7 1-0

[Event "IV Festival Internacional DUCHAMP in RIO"]
[Site "Hotel South American, Copacaba"]
[Date "2022.12.10"]
[Round "5.48"]
[White "Carneiro, Luis Guilherme Rosad"]
[Black "Senger, Maria Clara Da Silve"]
[Result "0-1"]
[WhiteElo "1815"]
[BlackElo "1537"]
[PlyCount "36"]
[EventDate "2022.12.07"]

1. e4 e5 2. Nf3 Nc6 3. d4 exd4 4. Bc4 Nf6 5. e5 d5 6. Bb5 Ne4 7. Nxd4 Bd7 8.
Bxc6 bxc6 9. O-O Bc5 10. f3 Ng5 11. f4 Ne4 12. Be3 Bb6 13. Nc3 Nxc3 14. bxc3
O-O 15. Qd2 f6 16. exf6 Qxf6 17. Nb3 Rae8 18. Nc5 Qe7 0-1

[Event "IV Festival Internacional DUCHAMP in RIO"]
[Site "Hotel South American, Copacaba"]
[Date "2022.12.10"]
[Round "5.49"]
[White "Serafim, Paulo Rogerio"]
[Black "Reichert, Thiago Da Cruz"]
[Result "0-1"]
[WhiteElo "1466"]
[BlackElo "1968"]
[PlyCount "72"]
[EventDate "2022.12.07"]

1. c4 Nf6 2. Nc3 e6 3. Nf3 d5 4. e3 Bd6 5. b3 c5 6. Bb2 Nc6 7. Be2 O-O 8. O-O
a6 9. d4 cxd4 10. Nxd4 Bc7 11. cxd5 exd5 12. g3 Ne5 13. Nf3 Neg4 14. Nd4 Re8
15. Qd3 h5 16. h4 Bxg3 17. Nf5 Bxf5 18. Qxf5 Bxh4 19. Bxg4 hxg4 20. Rad1 g3 21.
fxg3 Qc7 22. Nxd5 Qxg3+ 23. Kh1 Bg5 24. Rd4 Re5 25. Nxf6+ Bxf6 26. Rd8+ Rxd8
27. Bxe5 Qxe5 28. Qh3 Qe4+ 29. Kg1 Rd5 30. Rf4 Rd1+ 31. Kf2 Qc2+ 32. Kf3 Rd2
33. Rc4 Rf2+ 34. Kg3 Be5+ 35. Kg4 Qf5+ 36. Kh4 Bf6+ 0-1

[Event "IV Festival Internacional DUCHAMP in RIO"]
[Site "Hotel South American, Copacaba"]
[Date "2022.12.10"]
[Round "5.51"]
[White "De Almeida, Roberto A. Ferreira"]
[Black "Garcia, Erich Douglas Ribeir"]
[Result "1-0"]
[WhiteElo "1713"]
[BlackElo "1429"]
[PlyCount "77"]
[EventDate "2022.12.07"]

1. e4 c6 2. d4 d5 3. Nd2 dxe4 4. Nxe4 Bf5 5. Ng3 Bg6 6. Nf3 e6 7. Ne5 Nd7 8. h4
Nxe5 9. dxe5 Qxd1+ 10. Kxd1 h6 11. Bd3 Bxd3 12. cxd3 Bc5 13. Ne4 Be7 14. Be3 b6
15. Ke2 f5 16. exf6 Nxf6 17. f3 Nd5 18. Bd2 c5 19. g4 Rf8 20. Raf1 O-O-O 21. g5
Nf4+ 22. Bxf4 Rxf4 23. Ke3 Rdf8 24. gxh6 gxh6 25. h5 e5 26. Rh3 Rg8 27. Rfh1
Rg2 28. R1h2 Rg7 29. Rg3 Rxg3 30. Nxg3 Bg5 31. Ke2 a5 32. Ne4 Be7 33. Ke3 Rh4
34. Rxh4 Bxh4 35. Nd6+ Kd7 36. Nc4 Ke6 37. Ke4 Bf6 38. Nxb6 Bd8 39. Nd5 1-0

[Event "IV Festival Internacional DUCHAMP in RIO"]
[Site "Hotel South American, Copacaba"]
[Date "2022.12.10"]
[Round "5.52"]
[White "Arruda Filho, Ivo Pereira De"]
[Black "Richards, Jaleel"]
[Result "1/2-1/2"]
[WhiteElo "1679"]
[BlackElo "1392"]
[PlyCount "73"]
[EventDate "2022.12.07"]

1. Nf3 c5 2. g3 Nf6 3. Bg2 d5 4. e3 Nc6 5. O-O Bg4 6. d4 e6 7. c3 Be7 8. Nbd2
cxd4 9. exd4 O-O 10. Re1 Rc8 11. Qa4 Qa5 12. Qb3 b6 13. Ne5 Nxe5 14. Rxe5 Nd7
15. Re1 Bf6 16. Nf3 Bxf3 17. Bxf3 Bxd4 18. Bf4 Nc5 19. Qd1 Bxc3 20. bxc3 Qxc3
21. Be5 Qa5 22. Qd4 f6 23. Bd6 Rfd8 24. Bxc5 bxc5 25. Qg4 e5 26. Bxd5+ Kh8 27.
Qf5 Qa6 28. Be4 g6 29. Qf3 Rb8 30. h4 f5 31. Bxf5 gxf5 32. Qxf5 Rf8 33. Qxe5+
Kg8 34. Qd5+ Kh8 35. Qe5+ Qf6 36. Qxc5 Rb2 37. Qe5 1/2-1/2

[Event "IV Festival Internacional DUCHAMP in RIO"]
[Site "Hotel South American, Copacaba"]
[Date "2022.12.10"]
[Round "5.53"]
[White "Machado, Wallace Fernandes"]
[Black "Mesquita, Victor Noronha"]
[Result "1-0"]
[WhiteElo "1669"]
[BlackElo "1172"]
[PlyCount "73"]
[EventDate "2022.12.07"]

1. c4 c5 2. Nc3 Nc6 3. Nf3 Nf6 4. d4 cxd4 5. Nxd4 g6 6. e3 Bg7 7. Be2 O-O 8.
O-O d6 9. Bf3 Bd7 10. b3 a6 11. Bb2 Qc7 12. Qd2 Ne5 13. Be2 Rac8 14. Rac1 Qb8
15. Rfd1 Rfe8 16. Nf3 Nxf3+ 17. Bxf3 Bc6 18. e4 b6 19. Re1 Qb7 20. Re2 Rcd8 21.
Rd1 Nd7 22. g3 Qc7 23. Bg2 Nc5 24. Rc1 Bb7 25. Qe3 Ne6 26. Nd5 Bxd5 27. cxd5
Qxc1+ 28. Bxc1 Nc5 29. Bb2 Rc8 30. Bxg7 Kxg7 31. Qc3+ Kg8 32. Rc2 Rb8 33. Qd2
Kg7 34. Bf3 Rec8 35. b4 Na4 36. Bg4 Rxc2 37. Qxc2 1-0

[Event "IV Festival Internacional DUCHAMP in RIO"]
[Site "Hotel South American, Copacaba"]
[Date "2022.12.10"]
[Round "5.56"]
[White "Motta, Vinicius Araujo Dias"]
[Black "Balcon, Alexis"]
[Result "0-1"]
[WhiteElo "1580"]
[BlackElo "1023"]
[PlyCount "48"]
[EventDate "2022.12.07"]

1. e4 c5 2. d4 cxd4 3. c3 d3 4. Bxd3 Nc6 5. Nf3 Nf6 6. O-O d6 7. h3 e5 8. Bg5
Be7 9. Qe2 Be6 10. Rd1 O-O 11. Bb5 a6 12. Bxc6 bxc6 13. Nxe5 Qc7 14. Nf3 Rfe8
15. e5 dxe5 16. Qxe5 Qb6 17. b4 a5 18. Qd4 c5 19. bxc5 Bxc5 20. Qd2 Rad8 21.
Nd4 Rd7 22. Qf4 Qb2 23. Nd2 Qxc3 24. Bxf6 gxf6 0-1

[Event "IV Festival Internacional DUCHAMP in RIO"]
[Site "Hotel South American, Copacaba"]
[Date "2022.12.10"]
[Round "5.59"]
[White "Rogozinski, Danilo Rocha"]
[Black "Farias, Sergio Luiz Cardoso"]
[Result "1-0"]
[WhiteElo "1651"]
[BlackElo "1461"]
[Annotator "Carvalho,Carlos"]
[PlyCount "50"]
[EventDate "2022.12.07"]

1. e4 e5 2. Nf3 Nc6 3. Bc4 Bc5 4. c3 Nf6 5. d3 h6 6. a4 a5 7. O-O d5 8. exd5
Nxd5 9. Qb3 Nce7 10. Nxe5 c6 11. d4 Ba7 12. Nd2 Qb6 13. Qxb6 Bxb6 14. Re1 O-O
15. Ndf3 Be6 16. Be3 Rad8 17. Bxd5 Nxd5 18. Nc4 Bc7 19. Nfe5 Nf6 20. Bd2 Bd5
21. Re2 Ne4 22. Rae1 Nxd2 23. Nxd2 Rd6 24. Ne4 Bxe4 25. Rxe4 Re6 {Terminando
no lance 57} 1-0

[Event "IV Festival Internacional DUCHAMP in RIO"]
[Site "Hotel South American, Copacaba"]
[Date "2022.12.10"]
[Round "5.60"]
[White "Rodolpho Filho, Joao"]
[Black "Leite, Gina Dourado Rocha"]
[Result "1-0"]
[WhiteElo "1301"]
[BlackElo "1568"]
[PlyCount "53"]
[EventDate "2022.12.07"]

1. e4 c5 2. Nf3 a6 3. d4 cxd4 4. Nxd4 e5 5. Nf3 Nf6 6. Bg5 Bb4+ 7. c3 Ba5 8.
Nbd2 Nc6 9. Bd3 O-O 10. O-O Re8 11. Qc2 b5 12. Rfe1 Bb6 13. Re2 d6 14. Be3 Bxe3
15. Rxe3 Be6 16. b3 Ng4 17. Ree1 Rc8 18. Qb2 Qf6 19. c4 Nh6 20. cxb5 Qg6 21.
bxc6 Bh3 22. Bf1 Rxc6 23. Rac1 d5 24. Nxe5 Rxe5 25. Qxe5 f6 26. Qxd5+ Be6 27.
Qd8+ 1-0